000
00270nam a2200121 a 4500
008
100914s2008|||| d
245
1
0
_a
VĂnna pivnica
100
1
_a
Gordon, Noah
260
_b
Ikar
_a
Bratislava
_c
2008
020
_c
279
044
_a
xo
_c
SK
041
_a
slo
999
_c
10326
_d
10326